000 00334nam a22001457a 4500
020 _a981-254-248-5
082 _a510
_bLEA/M
100 _aLEA, SUSAN M
245 _aMATHEMATICS FOR PHYSICISTS
250 _aFIRST REPRINT
260 _aCHENNAI
_bVIJAY NICOLE
_c2003
300 _a602
650 _aMATHS REFERENCE
_zINDIA
942 _cBK
999 _c1320
_d1320